Normal view MARC view
  • Hudson Hugh

Entry Personal Name

Number of records used in: 1

001 - CONTROL NUMBER

  • control field: 49823

003 - CONTROL NUMBER IDENTIFIER

  • control field: IT-RoPau

005 - DATE AND TIME OF LATEST TRANSACTION

  • control field: 20151202100633.0

008 - FIXED-LENGTH DATA ELEMENTS

  • fixed length control field: 151202|| aca||aabn | a|a d

040 ## - CATALOGING SOURCE

  • Original cataloging agency: IT-RoPau
  • Transcribing agency: IT-RoPau

100 ## - HEADING--PERSONAL NAME

  • Personal name: Hudson Hugh
  • Miscellaneous information: Codice regista SPICS: 38840

670 ## - SOURCE DATA FOUND

  • Source citation: Work cat.: (IT-RoPau)106991: Hudson Hugh Codice regista SPICS: 38840, MOMENTI DI GLORIA MOMENTI DI GLORIA (Rif. Codice opera principale : V0818)
CREDITS: SOCIETA' SAN PAOLO Via A.Severo, 58 - ROMA (RM) & PERIODICI SAN PAOLO SRL Via Giotto, 36 MILANO & CISF Via Giotto, 36 MILANO & EDIZIONI SAN PAOLO SRL,  Piazza Soncino, 5 CINISELLO BALSAMO (MI) -- ITALY